000 00417nam a2200169 a 4500
001 0000-8645
003 ELIB.Books
008 110520 1939
035 _a(ELIB.Books)0000-8791
082 _a234
_bLew
100 _aLewis, F. Warburton
245 _aThe Work of Christ
260 _bLondon: The Epworth Press
_c1939
650 _aSalvation
942 _2ddc
_cBK
998 _cbat
_e2011-05-20
999 _c8645
_d8645